000 00747nam a2200241Ia 4500
003 OSt
005 20220923221703.0
006 a|||||r|||| 00| 0
007 ta
008 220922b |||||||| |||| 00| 0 hin d
024 _a199,303
037 _cTextual
040 _aARTS
_cARTS
_bhin
041 _2hin
_ahin
082 _aQ, 152M3
100 _aश्रीवास्तव, रमा श्ंाकर
245 0 _aतुलनात्मक धर्म
246 _aTulanātmak dharma
260 _aरॉंची
_b शारदा प्रका0
_c1983
300 _a340पृ.
_ccm.
942 _hQ, 152M3
_cTEXL
_2CC
999 _c351078
_d351078